Top 100 Baby Girls' Names in Australia 2024 - Statistics

General Stats
  • This quiz has been taken 503 times
  • The average score is 48 of 100
Answer Stats
# Name % Correct
4 Olivia
93%
61 Emma
86%
3 Charlotte
84%
6 Ava
83%
53 Emily
81%
16 Isabella
81%
5 Mia
81%
12 Ella
79%
11 Grace
78%
2 Amelia
76%
9 Lily
76%
85 Rose
75%
17 Sophie
75%
19 Chloe
74%
55 Hannah
74%
18 Sophia
74%
27 Zoe
74%
1 Isla
71%
80 Elizabeth
70%
79 Eva
69%
29 Lucy
69%
76 Bella
67%
24 Violet
65%
28 Ellie
63%
14 Evelyn
61%
50 Isabelle
61%
13 Ivy
61%
15 Willow
61%
8 Harper
59%
86 Rosie
59%
22 Ruby
58%
58 Abigail
57%
25 Evie
57%
69 Nora
57%
57 Alice
56%
23 Daisy
56%
38 Georgia
56%
26 Aria
55%
59 Olive
55%
20 Mila
54%
45 Eleanor
53%
37 Freya
53%
56 Maya
53%
39 Penelope
53%
46 Poppy
53%
21 Sienna
50%
49 Zara
50%
33 Layla
48%
32 Millie
48%
65 Lola
47%
10 Hazel
45%
41 Luna
45%
7 Matilda
44%
67 Stella
44%
36 Elsie
42%
30 Florence
42%
70 Phoebe
41%
48 Scarlett
41%
81 Addison
40%
94 Ariana
40%
47 Sadie
40%
34 Audrey
39%
54 Emilia
39%
97 Riley
39%
100 Lara
37%
89 Quinn
37%
44 Aurora
36%
62 Summer
36%
73 Savannah
33%
31 Sofia
33%
66 Eloise
32%
63 Harriet
32%
78 Imogen
32%
68 Margot
31%
64 Delilah
30%
71 Maisie
30%
77 Adeline
29%
75 Eden
29%
95 Thea
29%
82 Elena
28%
51 Frankie
28%
96 Heidi
27%
90 Piper
27%
60 Bonnie
26%
43 Maeve
26%
88 Eliana
25%
84 Aaliyah
24%
92 Maggie
24%
35 Billie
23%
42 Ayla
22%
83 Harlow
22%
72 Pippa
22%
52 Mackenzie
19%
74 Hallie
18%
99 Athena
17%
87 Lottie
17%
98 Peyton
17%
91 Cleo
13%
40 Remi
13%
93 Kaia
11%
No matching quizzes found
Score Distribution
Percent of People with Each Score
Percentile by Number Answered
Your Score History
You have not taken this quiz